| 000 | 00455nam a2200133Ia 4500 | ||
|---|---|---|---|
| 008 | 250506s9999 xx 000 0 und d | ||
| 024 | _a07B-116-EE, 07A-128-EE & 07B-126-EE | ||
| 082 | _a629.045072 FAR | ||
| 100 | _aFarhan Ali Baig, Aadresh Mateen & Muhammad Zubair | ||
| 245 | 0 | _aMine Detector using GPS Simulator and Target Acquisition | |
| 260 |
_aKarachi: _bUIT, _c2007 |
||
| 600 | _aElectronic Engineering | ||
| 650 | _aBachelor of Engineering (BE) | ||
| 999 |
_c27930 _d27930 |
||